Loading...
Asokan
| Hovedforfatter: | |
|---|---|
| Format: | Printed Book |
| Sprog: | Malayalam |
| Udgivet: |
Vidhyavinodini
Vidhyavinodini
1099
|
| LEADER | 00450nam a2200133Ia 4500 | ||
|---|---|---|---|
| 008 | 111205s9999 xx 000 0 mal d | ||
| 082 | |a 850.1 TAR/A | ||
| 100 | |a Narayanani Puthuvalsaru | ||
| 245 | |a Asokan |c Narayanani Puthuvalsaru | ||
| 260 | |b Vidhyavinodini |a Vidhyavinodini |c 1099 | ||
| 300 | |a 0 | ||
| 942 | |c BK | ||
| 999 | |c 224522 |d 224522 | ||
| 952 | |0 0 |1 0 |2 ddc |4 0 |6 S_10R1 |7 0 |9 247888 |a MAL |b MAL |c SEC |d 2011-12-05 |g 0.00 |l 0 |o S10R1 |p MAL6233 |r 2011-12-05 |v 0.00 |w 2011-12-05 |y BK | ||